000 00317 a2200133 4500
005 20250523154203.0
020 _a0-273-42680-X
082 _aLECT 428 BAY
100 _aBAYLEY, H.
245 _aQuicker Reading.
260 _aLondon,
_bPitman,
_c1957.
300 _aiv, 252p.: ill.; tables.
_c21cm.
942 _2ddc
_cBKS
999 _c2587
_d2587